000 01043cad a22002055a 4500
001 L157105
008 120830s2012 xxk f 000 0 eng d
035 _a(Sirsi) u157105
041 0 _aeng
110 2 _aUnited Kingdom
_bDepartment for Communities and Local Government
_94939
245 0 0 _aOur town first Future High Street X-Fund
_bProspectus
_h[electronic resource]
260 _aLondon
_bDECC
_c2012
520 _a£1million Future High Street X- Fund is announced as part of government's response to the Portas Review. The £1million prize fund will reward locations who have undertaken the most outstanding transformations. The prospectus provides details of the fund and how to make a nomination with the closing date for these being 6 December 2012.
590 _aKA
651 4 _aEngland
690 _aPlanning and development
_96259
690 _aCommercial property
_96227
856 4 0 _uhttps://www.communities.gov.uk/documents/regeneration/pdf/2207145.pdf
_zView the item free of charge at www.communities.gov.uk
942 _n0
999 _c114599
_d114599